000
00240nam a2200097Ia 4500
005
20251222175820.0
008
251222s9999||||xx |||||||||||||| ||spa||
082
_a
DVD0070/B82S/2005
245
0
_a
Sophie Scholl: Die Letzten Tage:
942
_c
DVD
999
_c
40453
_d
40453